Tilastot visalle Puolan suurimmat kaupungit

Klikkaa tästä pelataksesi tätä visaa!

Yleistilastot

  • Tätä visaa on pelattu 657 kertaa
    (306 viimeisimmän päivityksen jälkeen)
  • Keskiarvotulos 8 / 18

Vastaustilastot

VäkilukuKaupunki% Oikein
1 794 166Varsova
98%
779 966Krakova
86%
470 805Gdańsk
85%
290 553Katowice
62%
672 185Łódź
58%
641 928Wrocław
58%
532 048Poznań
52%
244 969Gdynia
45%
338 586Lublin
42%
398 255Szczecin
41%
296 958Białystok
37%
344 091Bydgoszcz
31%
209 296Radom
26%
193 415Kielce
24%
198 613Toruń
24%
217 530Częstochowa
21%
196 638Rzeszów
21%
197 586Sosnowiec
18%

Tulosjakauma

Persentiili vastausten määrän mukaan

Jokaisen tuloksen saaneiden osuus

Tuloshistoriasi

Et ole pelannut tätä visaa sen viimeisimmän päivityksen jälkeen